00850pam a2200241 a 4500001000800000005001700008008004100025010001700066020001500083040001800098041000800116080001600124082002000140100000700160101000800167245006500175504006400240906004500304942001200349999001700361952011500378952011500493343391920180216044817.0910927s1992 mau b 001 0 eng  a 91035846  a0316845213 aDLCcDLCdDLC aeng a155.264 TIE00a155.264 TIE2201 a48 aPSI10aDo what you are :cPaul D. Tieger and Barbara Barron-Tieger. aIncludes bibliographical references (p. 322-323) and index. a7bcbccorignewd1eocipf19gy-gencatlg 2ddccBK c42769d42769 00102udc40708PËKGa002b002cPËKGd2018-02-16l0o155.264 TIEp002-2998405r2018-02-16w2018-02-16yBK 00102udc40708PËKGa002b002cPËKGd2018-02-16l0o155.264 TIEp002-2998410r2018-02-16w2018-02-16yBK